[Event "FIDE World Uni Blitz-A 1st"]
[Site "Tornelo INT"]
[Date "2021.03.13"]
[Round "7.14"]
[White "Alvredo, Satriawan Singgih"]
[Black "Abdulla, Murad"]
[Result "1-0"]
[WhiteElo "1801"]
[BlackElo "2287"]
[PlyCount "119"]
[EventDate "2021.03.13"]
[EventType "swiss (blitz)"]
[EventRounds "10"]
[EventCountry "NET"]
[SourceTitle "EXT 2022"]
[Source "ChessBase"]
[SourceDate "2021.10.06"]
[SourceVersion "1"]
[SourceVersionDate "2021.10.06"]
[SourceQuality "1"]

1. e4 c5 2. c3 Nf6 3. Qc2 d6 4. d4 Qc7 5. Na3 cxd4 6. cxd4 Qxc2 7. Nxc2 Nxe4 8. Bd3 Nf6 9. Ne2 e6 10. 0-0 Be7 11. Bd2 0-0 12. b4 Nbd7 13. a4 Nd5 14. b5 N7f6 15. Ne3 Bd7 16. Nxd5 Nxd5 17. Rac1 Rfc8 18. g3 b6 19. Be4 a6 20. Rxc8+ Bxc8 21. Nc3 Bb7 22. Nxd5 exd5 23. Bf3 axb5 24. axb5 Bf6 25. Be3 h6 26. Rc1 Bd8 27. Kg2 Kf8 28. Bf4 Ke7 29. Re1+ Kd7 30. Bg4+ Kc7 31. Rc1+ Kb8 32. Bxd6+ Ka7 33. Ra1+ Ba6 34. Rxa6+ Kb7 35. Rxa8 Kxa8 36. Bf3 Kb7 37. Bxd5+ Kc8 38. Bxf7 Kd7 39. Be5 g5 40. Bg7 h5 41. Bxh5 Be7 42. Bg4+ Kd6 43. f4 Kd5 44. f5 Ke4 45. f6 Bd6 46. f7 Kd5 47. f8Q Bxf8 48. Bxf8 Ke4 49. Bg7 Kd5 50. h4 gxh4 51. gxh4 Ke4 52. Bf3+ Kf4 53. d5 Kf5 54. d6 Kg6 55. d7 Kf7 56. d8Q Ke6 57. Bg4+ Kf7 58. Qf6+ Kg8 59. Be6+ Kh7 60. Qh6# 1-0

[Event "FIDE World Uni Blitz-A 1st"]
[Site "Tornelo INT"]
[Date "2021.03.13"]
[Round "10.31"]
[White "Alvredo, Satriawan Singgih"]
[Black "Constanzo Vivanco, Mario Felipe"]
[Result "0-1"]
[WhiteElo "1801"]
[BlackElo "2008"]
[PlyCount "70"]
[EventDate "2021.03.13"]
[EventType "swiss (blitz)"]
[EventRounds "10"]
[EventCountry "NET"]
[SourceTitle "EXT 2022"]
[Source "ChessBase"]
[SourceDate "2021.10.06"]
[SourceVersion "1"]
[SourceVersionDate "2021.10.06"]
[SourceQuality "1"]

1. e4 c5 2. Nf3 g6 3. Bc4 Bg7 4. 0-0 Nc6 5. c3 e6 6. d4 cxd4 7. cxd4 d5 8. exd5 exd5 9. Bb5 Nge7 10. Nc3 0-0 11. Bg5 Be6 12. Qa4 Qd6 13. Bh4 a6 14. Be2 b5 15. Qd1 Nf5 16. Bg3 Nxg3 17. hxg3 Qb4 18. Qd2 Nxd4 19. Nxd4 Qxd4 20. Qg5 Qe5 21. Qh4 b4 22. f4 Qe3+ 23. Kh2 bxc3 24. Bf3 cxb2 25. Rab1 Rab8 26. Rh1 h6 27. g4 d4 28. Kg3 g5 29. fxg5 Be5+ 30. Kh3 Qxg5 31. Qe1 h5 32. g3 hxg4+ 33. Bxg4 Qxg4+ 34. Kg2 Bd5+ 35. Kf2 Bxg3+ 0-1

[Event "FIDE World Uni Blitz-A 1st"]
[Site "Tornelo INT"]
[Date "2021.03.13"]
[Round "9.18"]
[White "Avramidou, Anastasia"]
[Black "Alvredo, Satriawan Singgih"]
[Result "1-0"]
[WhiteElo "2238"]
[BlackElo "1801"]
[PlyCount "53"]
[EventDate "2021.03.13"]
[EventType "swiss (blitz)"]
[EventRounds "10"]
[EventCountry "NET"]
[SourceTitle "EXT 2022"]
[Source "ChessBase"]
[SourceDate "2021.10.06"]
[SourceVersion "1"]
[SourceVersionDate "2021.10.06"]
[SourceQuality "1"]

1. c3 f5 2. d4 Nf6 3. g3 d5 4. Bg2 e6 5. Nh3 Bd6 6. 0-0 0-0 7. Bf4 c5 8. Qb3 Nc6 9. Rd1 cxd4 10. cxd4 Na5 11. Qc2 b6 12. Nc3 Ba6 13. Qa4 Bb7 14. Rac1 Bc6 15. Qc2 Rc8 16. Qb1 Re8 17. Rc2 Bxf4 18. Nxf4 Bb7 19. b3 Ba6 20. Rdc1 Qd7 21. Qb2 g5 22. Nd3 Bxd3 23. exd3 Nc6 24. Ne2 Nb4 25. Rxc8 Rxc8 26. Qd2 Rxc1+ 27. Nxc1 1-0